Nobel Prize for Chemistry/ (Record no. 188915)
[ view plain ]
| 000 -LEADER | |
|---|---|
| fixed length control field | 00578nam a22001937a 4500 |
| 005 - DATE AND TIME OF LATEST TRANSACTION | |
| control field | 20220607151139.0 |
| 010 ## - LCCN (DPL NO) | |
| LC control number | ENG-133094 |
| 020 ## - INTERNATIONAL STANDARD BOOK NUMBER | |
| Terms of availability | 200.00 |
| International Standard Book Number | 978-93-89113-20-4 |
| 035 ## - SYSTEM CONTROL NUMBER | |
| System control number | EN-116626 |
| 037 ## - SOURCE OF ACQUISITION | |
| Source of stock number/acquisition | DBAD/PUB |
| 082 ## - DEWEY DECIMAL CLASSIFICATION NUMBER | |
| Classification number | 920 |
| 100 ## - MAIN ENTRY--PERSONAL NAME | |
| Personal name | Sarkar, Dilip Kumar |
| 245 ## - TITLE STATEMENT | |
| Title | Nobel Prize for Chemistry/ |
| Statement of responsibility, etc | Dilip Kumar Sarkar |
| 250 ## - EDITION STATEMENT | |
| Remainder of edition statement | Kolkata |
| 260 ## - PUBLICATION, DISTRIBUTION, ETC. (IMPRINT) | |
| Date of publication, distribution, etc | 2018 |
| Name of publisher, distributor, etc | Principal Dilip Kumar Sarkar |
| 270 ## - ADDRESS | |
| Address | C4/2, Triparna, 39A Gobndo Auddy Road, Chetla |
| City | Kolkata |
| Postal code | 700027 |
| 300 ## - PHYSICAL DESCRIPTION | |
| Extent | 140p. |
| Dimensions | 21cm(pbk) |
| Other physical details | index |
| 942 ## - ADDED ENTRY ELEMENTS (KOHA) | |
| Source of classification or shelving scheme | Dewey Decimal Classification |
| Item type | English Books |
| Call number suffix | SAR |
| Classification part | 920 |
| Withdrawn status | Lost status | Not for loan | Collection code | Home library | Current library | Date acquired | Source of acquisition | Cost, normal purchase price | Full call number | Barcode | Copy number | Cost, replacement price | Koha item type |
|---|---|---|---|---|---|---|---|---|---|---|---|---|---|
| Non-fiction | Ashok Vihar | Ashok Vihar | 07/06/2022 | DBAD/PUB | 200.00 | 920 SAR | EN-116626 | 1 | 200.00 | English Books |
